000 00346nam a2200145Ia 4500
008 211109s9999||||xx |||||||||||||| ||und||
082 _a894.812 09
_bBAS-K
100 _aBasheer, M M
245 0 _aKurukshetra Patanam
260 _bDC Books
_aKottayam
_c1981
300 _a164p
630 _xGeneral Stack
650 _vMalayalam
942 _cBOOK
999 _c91218
_d91218